000 00714ngm a2200301 a 4500
003 OSt
005 20251020182700.0
008 240217s9999 xx 000 0 und d
040 _aPE SENCICO BE
040 _cPE SENCICO BE
041 _aspa
082 _aJ015
245 0 _aUso de GPS en levantamientos hidrográficos /
245 0 _cMarina de Guerra del Perú
260 _aLima
260 _bMarina del Perú
260 _c1999
300 _a1 VIDEO
300 _bson., Col.
300 _c20'
490 _aINFORMACION GEOGRAFICA
511 _aGaviota Tejada, Javier
650 _aGPS
650 _aLEVANTAMIENTO HIDROGRÁFICO
651 _aPERÚ
910 _aila.
942 _cVID
_2ddc
999 _c4793
_d4793